000 01075nas a2200253 454500
001 20599
005 20260407193506.0
008 260407s1967####ag###########|||spa#d
003 AR-UNSa-BCEJYS
040 _aAR-UNSa-BCEJYS
_bspa
_cAR-UNSa-BCEJYS
080 _a339.7
_xFinanzas Internacionales
245 1 0 _aInternational financial statistics
_nEstadisticas financieras internacionales
022 _a0020-6725
264 1 _aWashington :
_bFondo Monetario Internacional
_c1967
310 _aFrecuencia: Mensual Port: títulos y texto en español Port: titres et texte en francais Cambia de Director a partir del Vol. XXXI, Nº 2 por Werner Dannemann Cambio de ISSN: 0252-3078
942 _cSER
590 _aniveau_biblio:s niveau_hierar:1
100 1 _aFondo Monetario Internacional
700 1 _aHicks, Earl
650 _aSistema monetario internacional
650 _aEstadísticas financieras
650 _aFINANZAS INTERNACIONALES
856 4 1 _uhttps://biblioeco.unsa.edu.ar/pmb/images/revistas/International Financial Statistics.jpg
_yImagen de portada
_qimage/jpeg
999 _c8547
_d8547